Observer's Handbook (Record no. 32633)

000 -Cabeçalho
Cabeçalho 00435nam 22001693 4500
001 - Identificador do registo
Identificador do registo 32633
090 ## - Número de controle KOHA
Número biblioitem KOHA 32633
100 ## - Dados gerais de processamento
Dados gerais de processamento 20260325d u||y0pory50 ba
101 ## - Língua da publicação
Língua do texto, banda sonora, etc. Inglês
200 ## - Título e menção de responsabilidade
Título próprio Observer's Handbook
Primeira menção de responsabilidade Meteorological Office
205 ## - Menção de edição
Menção da edição
210 ## - Publicação, distribuição, etc.
Lugar da edição, distribuição, etc. London
Nome do editor, distribuidor, etc. Her Majesty's Office
Data da publicação, distribuição, etc. 1956
215 ## - Descrição física
Tipo do material e extensão do item 221 p.
Dimensões 24 cm
317 ## - Nota de proveniência
Instituição e exemplar a que o campo se aplica Serviço Meteorológico Nacional
606 ## - Nome comum usado como assunto
Subdivisão de assunto Métodos de Observação
ID Autoridade 23850
801 ## - Fonte de origem
Regras de catalogação ISBD
942 ## - Informação adicional KOHA
Inibição de acesso no OPAC Não
Holdings
Situação do extravio Classificação interna Koha para ordenação Data de aquisição Número de registo Número interno Koha (auto-gerado) Biblioteca de aquisição Biblioteca de empréstimo Cota Fim da data de empréstimo Permissão de empréstimo Tipo de documento
  ESTANTE_3_PRAT_12_000000000000000 2026-03-25 4344 32656 Biblioteca da Sede Biblioteca da Sede Estante 3, Prat 12 2026-03-25   Monografias

Powered by Koha